Normal view
MARC view
Entry Topical Term
001 - CONTROL NUMBER
- control field: 29791
003 - CONTROL NUMBER IDENTIFIER
- control field: ARRUPE
005 - DATE AND TIME OF LATEST TRANSACTION
- control field: 20170411103035.0
008 - FIXED-LENGTH DATA ELEMENTS
- fixed length control field: 170411|| aca||aabn | a|a d
040 ## - CATALOGING SOURCE
- Original cataloging agency: ARRUPE
- Transcribing agency: ARRUPE
150 ## - HEADING--TOPICAL TERM
- Topical term or geographic name as entry element: Dogs
- General subdivision: Folklore
670 ## - SOURCE DATA FOUND
- Source citation: Work cat.: (ARRUPE): Fitzpatrick, Percy 29790, Jock of the bushveld, 1989